00341nam a22001217a 4500003000400000008004100004082002000045100001400065245005500079260004000134300000800174650003700182OSt220209b ||||| |||| 00| 0 eng d a615.11JAIN,K.S. aJAIN,K.S. aPractical Book of Pharmaceutical Organic Chemistry aNew DelhibNirali Publicationc2021 a140 aPharmaceutical Organic Chemistry